000 00445nam a2200181Ia 4500
008 100917s9999 xx 000 0 und d
082 _b6509
100 _aकाकोडकर चंद्रकांत
245 _aअलका
260 _b---
_c1962
300 _a160
365 _b5
520 _aकादंबरी
630 _aअलका
650 _aकादंबरी
730 _aअलका
942 _cBOOK
999 _c611903
_d611900